000 00740cam a22002653a 4500
001 9499
003 PGUSA
005 20140828083213.0
008 060427s2006||||xxu|||||s|||||000 1 eng d
040 _aPGUSA
_beng
042 _adc
050 4 _aPQ
100 1 _aZola, Émile,
_d1840-1902
245 1 4 _aThe Dream
_h[electronic resource] /
_cÉmile Zola
260 _bProject Gutenberg,
_c2006
506 _aPublic domain in the USA.
516 _aElectronic text
653 _aDreams -- Fiction
653 _aChristian life -- Fiction
653 _aFrance -- Social life and customs -- Fiction
700 1 _aChase, Eliza E.
830 0 _aProject Gutenberg
_v9499
856 4 0 _uhttp://www.gutenberg.org/ebooks/9499
942 _cEB
999 _c238755
_d238755